Bilecik Bilecik Bilecik Bilecik Bilecik

Hoş geldin sınav/ (Record no. 55868)

MARC details
000 -BAŞLIK
Sabit Uzunluktaki Kontrol Alanı 00947nam a22003257a 4500
001 - KONTROL NUMARASI
Control Dosyası 0056060
003 - KONTROL NUMARASI KİMLİĞİ
Kontrol Alanı KOHA_MİRAKIL
005 - EN SON İŞLEM TARİHİ ve ZAMANI
Kontrol Alanı 20260207004037.0
007 - FİZİKSEL TANIM SABİT ALAN - GENEL BİLGİ
Sabit uzunluklu kontrol alanı ta
008 - SABİT UZUNLUKTAKİ VERİ ÖGELERİ - GENEL BİLGİ
Sabit Alan 160229b2015 xx |||gr||||#||||0| |
020 ## - ISBN - ULUSLARARASI STANDART KİTAP NUMARASI
Isbn 9756055225261
040 ## - KATALOGLAMA KAYNAĞI
Özgün Kataloglama Kurumu TR-BiSEU
Kataloglama Dili tur
Çeviri Kurumu TR-BiSEU
Açıklama Kuralları rda
050 ## - SINIFLAMA ve YER NUMARASI
Sınıflama Numarası LB1027
Yer Numarası .K66 2015
100 1# - KİŞİ ADI
Yazar Adı (Kişi adı) Konuk, Mehmet.
245 1# - ESER ADI BİLDİRİMİ
Başlık Hoş geldin sınav/
Sorumluluk Bildirimi Mehmet Konuk ; Mehmet Konuk.
264 #1 - ÜRERİM, YAYIN, DAĞITIM ve TELİF BİLDİRİMİ
Yayın yeri İstanbul :
Yayınlayan Kerasus
Yayın tarihi 2015
300 ## - FİZİKSEL TANIMLAMA
Sayfa, Cilt vb. 168 sayfa ;
Boyutları 21 cm.
336 ## - İÇERİK TÜRÜ
Content type term metin
Content type code txt
Source rdacontent
337 ## - MEDYA TÜRÜ
Media type term aracısız
Media type code n
Source rdamedia
338 ## - TAŞIYICI TÜRÜ
Carrier type term cilt
Carrier type code nc
Source rdacarrier
490 0# - DİZİ BİLDİRİMİ
Dizi Bildirimi Kerasus : 30.
490 0# - DİZİ BİLDİRİMİ
Dizi Bildirimi Rehber Kitapları : 3
650 #0 - KONU BAŞLIĞI EK GİRİŞ - KONU TERİMİ
Konusal terim veya coğrafi ad Psikolojik danışma.
9 (RLIN) 72527
650 #0 - KONU BAŞLIĞI EK GİRİŞ - KONU TERİMİ
Konusal terim veya coğrafi ad Psychological counselling.
9 (RLIN) 72528
650 #0 - KONU BAŞLIĞI EK GİRİŞ - KONU TERİMİ
Konusal terim veya coğrafi ad Rehberlik.
9 (RLIN) 52164
650 #0 - KONU BAŞLIĞI EK GİRİŞ - KONU TERİMİ
Konusal terim veya coğrafi ad Guidance.
9 (RLIN) 72529
830 0# - SERİ EK GİRİŞİ - TEKBİÇİM ESER ADI
Tekbiçim Başlık Kerasus : 30.
9 (RLIN) 103857
830 0# - SERİ EK GİRİŞİ - TEKBİÇİM ESER ADI
Tekbiçim Başlık Rehber Kitapları : 3
9 (RLIN) 103858
942 ## - EK GİRİŞ ÖGELERİ (KOHA)
Source of classification or shelving scheme Library of Congress Classification
Koha item type Book
Holdings
Materyal Türü Kalıcı Konum Mevcut Konum Raf Yeri Sınıflandırma Kaynağı Edinim Bilgisi Ana Konular Alt Konular Yer Numarası Demirbaş Numarası Fatura Tarihi Geri Çekilme Durumu Kayıp Durumu Hasarlı Durumu Kredi için değil Kayıt Tarih Toplam Ödünçverme Son Görülme Tarihi Son Kontrol Tarihi Genel / Bağış Notu
Book Prof. Dr. Azmi Özcan Kütüphanesi Prof. Dr. Azmi Özcan Kütüphanesi Uluğbey Salonu Library of Congress Classification Bağış EĞİTİM Eğitim Teorisi ve Uygulaması LB1027 .K66 2015 0056060 02/02/2026         29/02/2016 1 05/12/2024 05/12/2024 Nabi Avcı, Akademisyen